Finish the Lyrics - The Beatles - Statistics

General Stats
  • This quiz has been taken 88 times
  • The average score is 11 of 20
Answer Stats
Hint Answer % Correct
Hey Jude, don't make it bad. Take a sad song... and make it better
99%
It's been a hard day's night and I've been... working like a dog
80%
Close your eyes and I'll kiss you. Tomorrow... I'll miss you
75%
Will you still need me, will you still feed me... When I'm sixty-four
71%
I am the eggman, they are the eggmen... I am the walrus, goo-goo g'joob
64%
You're asking me will my love grow... I don't know, I don't know
61%
He's a real nowhere man, sitting in... his nowhere land
60%
Ob La Di Ob La Da... life goes on brah
59%
Well, she was just seventeen... you know what I mean
53%
Help me if you can, I'm feeling down.. And I do appreciate you being 'round
52%
Woke up, fell out of bed... dragged a comb across my head
52%
And in the end, the love you take is equal to... the love you make
51%
The sun is up, the sky is blue, It's beautiful... and so are you
49%
Words are flowing out like endless rain into... a paper cup
48%
He likes to keep his fire engine clean... It's a clean machine
45%
Some are dead and some are living. In my life... I've loved them all
44%
She came in through the bathroom window, Protected by... a silver spoon
39%
Let me tell you how it will be. There's one for you... nineteen for me
35%
I don't know why nobody told you, How to... unfold your love
35%
There's nothing you can do... that cant be done
25%
No matching quizzes found
Score Distribution
Percent of People with Each Score
Percentile by Number Answered
Your Score History
You have not taken this quiz